000 00606nam a2200181Ia 4500
008 090630s9999 xx 000 0 und d
082 _b24945
100 _aशेवडे शैलजा.
245 _aअगं अगं म्हशी.
_cशेवडे शैलजा.
260 _bउन्मेष - पुणे.
_c2006
300 _a200
600 _aशेवडे शैलजा.
630 _aअगं अगं म्हशी.
655 _aलघुकथा.
700 _aशेवडे शैलजा.
730 _aअगं अगं म्हशी.
942 _cBOOK
999 _c276801
_d276801